000
00248nam a2200109Ia 4500
008
230312s9999||||xx |||||||||||||| ||und||
082
_a
759.95491
_b
SIN-P
100
_a
Sintra:pena place
245
0
_a
Portugal
650
_a
Architecture
942
_c
BK
999
_c
14509
_d
14509